Statistics for 2017 MLS Cup Playoffs

Click here to take the quiz!

General Stats

  • This quiz has been taken 66 times
  • The average score is 10 of 12

Answers on the Map

Answers color-coded by a green-red scale on the quiz's map according to % correct below.
 

Answer Stats

Team% Correct
Seattle Sounders FC
94%
Toronto FC
91%
Atlanta United
86%
New York Red Bulls
86%
Portland Timbers
86%
Columbus Crew SC
83%
New York City FC
83%
Chicago Fire FC
77%
Houston Dynamo
71%
San Jose Earthquakes
71%
Sporting Kansas City
69%
Vancounver Whitecaps FC
69%

Score Distribution

Percentile by Number Answered

Percent of People with Each Score

Your Score History

You have not taken this quiz